Textos recobrados : 1919-1929 /

El escritor argentino Jorge Luis Borges, nacido en Buenos Aires en 1899 y fallecido en Ginebra, Suiza, en 1986, fue un ávido lector y un precoz autor, cuya primera obra fue publicada por su padre en 1909. La poesía, el ensayo, la especulación filosófica y la narrativa conjuntan un trabajo creativo q...

Descrizione completa

Salvato in:
Dettagli Bibliografici
Autore principale: Borges, Jorge Luis (autor)
Altri autori: Carril, Sara Luisa del (edición) (edición)
Natura: Libro
Lingua:spagnolo
Pubblicazione: Buenos Aires, Argentina : Emecé, 1997, c1997
Soggetti:
Tags: Aggiungi Tag
Nessun Tag, puoi essere il primo ad aggiungerne!!

MARC

LEADER 00000nam^a2200000^a^4500
001 000271687
005 20250521000000.0
008 080130 19971997
009 20260310111035.43
020 |a 84-7888-337-1 
037 |a Acervo ITESO - Biblioteca 
041 |a ESP 
082 |a 868.  |b BOR REC V. 1 
100 |a Borges, Jorge Luis  |e (autor) 
240 1 1 |a [Textos recobrados] 
245 1 0 |a Textos recobrados :  |b 1919-1929 /  |c J.L. Borges ; ed. de S.L. del Carril. 
264 4 |a Buenos Aires, Argentina :  |b Emecé,  |c 1997, c1997 
300 |a 462 p. 
336 |a texto  |b txt  |2 rdacontenido 
337 |a sin mediación  |b n  |2 rdamedio 
338 |a volumen  |b nc  |2 rdasoporte 
520 |a El escritor argentino Jorge Luis Borges, nacido en Buenos Aires en 1899 y fallecido en Ginebra, Suiza, en 1986, fue un ávido lector y un precoz autor, cuya primera obra fue publicada por su padre en 1909. La poesía, el ensayo, la especulación filosófica y la narrativa conjuntan un trabajo creativo que en muchos casos diluye las clasificaciones genéricas al uso. A partir de la aparición del volumen de poemas Fervor de Buenos Aires (1923), el argentino creó una extensa obra, considerada como central en la literatura universal del siglo XX. Es autor, entre otros títulos, de: Inquisiciones (1925); Luna de enfrente (1925); Tamaño de mi esperanza (1928); El idioma de los argentinos (1928); Cuaderno San Martín (1929); Evaristo Carriego (1930); Discusión (1932); Historia universal de la infamia (1933-1935); Historia de la eternidad (1936); Ficciones (1944); El aleph (1949), Otras inquisiciones (1952); El hacedor (1960); El otro, el mismo (1964); Para las seis cuerdas (1965); Elogio de la sombra (1969); El informe de Brodie (1970); El oro de los tigres (1972); La rosa profunda (1975); Los conjurados (1975); El libro de arena (1975); La moneda de hierro (1976). 
649 |a XX 
650 |a Poesía Argentina 
650 |a Prosa Poética Argentina 
650 |a Cuentos Argentinos 
650 |a Artículos Periodísticos Argentinos 
650 |a Literatura Argentina -  |y Siglo XX 
700 |a Carril, Sara Luisa del  |e (edición) 
910 |a Fondo General 
920 |a Impresos - Libros 
930 |a Colección General 
940 |a Literatura 
905 |a 101 
901 |a 0500157371  |b IT1  |c LIT  |u 20250521 
902 |a https://opac.biblio.iteso.mx/vufind/Record/000271687